| 000 | 00825nam a2200229Ia 4500 | ||
|---|---|---|---|
| 001 | 13577 | ||
| 005 | 20260331153614.0 | ||
| 008 | 260306t2013||||xx |||||||||||||| ||spa|| | ||
| 020 | _a9788497889339 | ||
| 041 | _aESP | ||
| 082 |
_a004.678 _bP46 |
||
| 100 |
_aPérez Navarro, Antonio _eCOR |
||
| 245 | 0 | _aIntroducción a los sistemas de información geográfica y geotelemática | |
| 250 | _aPrimera edición. Primera reimpresión | ||
| 260 |
_aBarcelona : _bEditorial UOC, _c2012 |
||
| 300 |
_a347 páginas : _bfiguras ; _c24 cm. |
||
| 650 | _aGEN | ||
| 653 | _aCiencia de la computación; Sistemas de información; Internet | ||
| 654 | _aCET | ||
| 856 |
_uhttps://itmsp.museknowledge.com/UCSP?groupID=2&action=source&sourceID=ACMDL_org _zVéase además: Base de datos ACM Digital Library |
||
| 942 |
_cLIB _dJUS _fTRC _2ddc |
||
| 999 |
_c13577 _d13577 |
||